2000s Chelsea XIs - Statistics

General Stats
  • This quiz has been taken 17 times
    4 since last reset
  • The average score is 31 of 46
Answer Stats
Position Nationality Answer % Correct
DF Brazil Alex
100%
FW Ukraine Andriy Shevchenko
100%
DF England Ashley Cole
100%
MF France Claude Makelele
100%
FW Ivory Coast Didier Drogba
100%
FW France Florent Malouda
100%
MF England Frank Lampard
100%
FW Italy Gianfranco Zola
100%
FW Argentina Hernan Crespo
100%
MF England Joe Cole
100%
MF Nigeria John Obi Mikel
100%
DF England John Terry
100%
DF Portugal Jose Bosingwa
100%
DF France Marcel Desailly
100%
MF Germany Michael Ballack
100%
FW France Nicolas Anelka
100%
GK Czech Republic Petr Cech
100%
DF Portugal Ricardo Carvalho
100%
FW Ivory Coast Salomon Kalou
100%
FW Ireland Damien Duff
67%
FW Iceland Eidur Gudjohnsen
67%
FW Netherlands Jimmy Floyd Hasselbaink
67%
MF Ghana Michael Essien
67%
DF Portugal Paulo Ferreira
67%
MF Portugal Tiago
67%
FW Norway Tore Andre Flo
67%
DF England Wayne Bridge
67%
DF Spain Asier del Horno
33%
GK Italy Carlo Cudicini
33%
DF Nigeria Celestine Babayaro
33%
FW England Chris Sutton
33%
DF Romania Dan Petrescu
33%
MF England Dennis Wise
33%
GK Netherlands Ed de Goey
33%
MF France Emmanuel Petit
33%
DF France Frank Leboeuf
33%
DF England Graeme Le Saux
33%
MF Uruguay Gus Poyet
33%
MF Denmark Jesper Gronkjaer
33%
MF England Jody Morris
33%
DF Brazil Juliano Belletti
33%
DF Netherlands Mario Melchiot
33%
MF Croatia Mario Stanic
33%
MF Italy Samuele Dalla Bona
33%
MF England Shaun Wright-Phillips
33%
DF France William Gallas
33%
No matching quizzes found
Score Distribution
Percent of People with Each Score
Percentile by Number Answered
Your Score History
You have not taken this quiz since the last reset